NFL Teams nach Beschreibung - Statistiken

Allgemein
  • Dieses Quiz wurde 786 mal gespielt
  • Das Durchschnittsergebnis liegt bei 15 aus 32
Antwortstatistiken
Beschreibung Lösung % Korrekt
Flugzeug Jets
87%
nördische Völker Vikings
85%
Big Apple Giants
83%
Flipper Dolphins
82%
Nevada Raiders
77%
... wir haben ein Problem Texans
71%
"Fire the canons" Buccaneers
70%
Ford Lions
62%
Sind nicht in dem Staat beheimatet, wie man es aufgrund des Städte Namens annehmen könnte? Chiefs
53%
Heimatliebe Patriots
50%
Verloren SB53 Rams
50%
Die Stadt findet man im Kühlregal (Frischkäse) Eagles
49%
finden wir in jedem Malkasten Browns
48%
Levi Strauss 49ers
47%
1 Meile hoch Broncos
47%
Katrina Saints
42%
Dieses Team könnte in der Stadt den Kraken in der NHL zusehen Seahawks
41%
man sieht dort "schreckliche Handtücher" im Stadion Steelers
41%
dieses Team hat eigentlich nur Auswärtsspiele Chargers
39%
trotz Stromausfall Super Bowl Sieger Ravens
35%
Olympia 1996 Falcons
34%
rosarot Panthers
34%
Music City Miracle Titans
34%
Panda Bears
31%
In der Stadt spielen in der MLB die Reds Bengals
25%
der Stadtname war vorher ein anderer Colts
25%
Fernsehserie Cowboys
23%
Automarke Jaguars
22%
Niederlande Packers
21%
Vatikan Cardinals
20%
Berlin, Tokio, Lima... Football Team
17%
Rechts daneben Bills
15%
Keine übereinstimmenden Quizze gefunden
Verteilung der Resultate
Anzahl Personen mit jedem Resultat
Perzentil nach korrekt beantworteten Fragen
Ihre Resultats-Entwicklung
Sie haben dieses Quiz noch nicht gespielt